Quiz di cultura generale #64 - Statistics

Statistiche generali
  • Questo quiz è stato fatto 664 volte
    515 dall'ultimo reset
  • Il punteggio medio è 13 su 20
Statistiche sulle risposte
DOMANDA RISPOSTA % Corretto
Dopo mezzanotte, in cosa si sarebbe trasformata la carrozza di Cenerentola? Zucca
93%
Colore presente nella bandiera della Lettonia oltre al rosso scuro Bianco
91%
Che tipo di animale era Dolly, il primo mammifero clonato? Pecora
89%
Nome del noto regista Tarantino Quentin
89%
La più alta montagna giapponese Monte Fuji/Fuji
86%
Quale droga era presente nella Coca-Cola fino al 1903? Cocaina
82%
Stato Usa più grande per superficie esclusa l'Alaska Texas
80%
In latino era l'"Aurum" Oro
79%
In quale nazione si trova Cusco, antica capitale degli Inca? Perù
78%
La sua capitale è Doha Qatar
74%
La città/villaggio più a sud del mondo si trova in questa nazione Argentina
71%
Attore che ha interpretato Iron Man Robert Downey/Downey
70%
Nel 2006 questo stato balcanico è entrato nell'Onu Montenegro
60%
Molte città tedesche finiscono col suffisso -burg, quelle russe? Grad
57%
Quale titano greco, secondo il mito, portava la Terra sulle spalle? Atlante
52%
Lo stato più popoloso nell'1 d.C. Cina
42%
Stato americano con capitale Tallahassee Florida
28%
Isola indonesiana che ha più abitanti della Russia Giava
28%
Quale celebrità è morta a Hong Kong nel 1973, anche se nessuno è sicuro su cosa abbia causato la sua morte? Bruce Lee/Lee
27%
Scrisse "Il fantasma di Canterville" (Cognome) Wilde
24%
Nessun quiz corrispondente trovato
Distribuzione punteggi
Percentuale di utenti per punteggio
Percentile per numero di risposta
I tuoi punteggi nel tempo
Non hai fatto questo quiz dall'ultimo reset